000 00769nam a2200217 a 4500
999 _c1729
_d1729
003 BD-JhCC
005 20171023195142.0
008 171023s1994 bg ||||| |||| 00| 0 ben d
020 _a9844650348
035 _a(BD-JhCC)
040 _aBD-JhCC
_dBD-JhCC
041 _aben
082 _a95.92
_bSAN 1994
100 _aগুপ্ত, কিরণশঙ্কর সেন
245 _aচল্লিশের দশকের ঢাকা /
_bকিরণশঙ্কর সেনগুপ্ত
_cসরদার ফজলুল করিম
300 _a188 P. :
_c21 cm.
650 _aDhaka, Bangladesh
700 _aগুপ্ত, কিরণশঙ্কর সেন
_qকরিম, সরদার ফজলুল
942 _2ddc
_cBK